A comparison of selected factors predictive of volleyball playing ability.

Bibliographic Details
Main Author: Phipps, Florene J.
Other Authors: Barker, Donald G. (degree committee member.), Jessup, George T. (degree committee member.), Mamaliga, Emil (degree committee member.)
Format: Thesis Book
Language:English
Published: 1981.
Subjects:
Online Access:Link to ProQuest Copy
Link to OAKTrust copy

MARC

Tag First Indicator Second Indicator Subfields
LEADER 00000ctm a2200000Ia 4500
001 in00000088536
005 20220104090731.0
008 820730s1981 xx a bm 000 0 eng d
035 |9 AAK5376AM 
035 |a (OCoLC)08646123 
035 |a (OCoLC)8646123 
035 |a (OCoLC)ocm08646123 
040 |a TXA  |b eng  |c TXA  |d OCLCQ  |d OCLCF  |d OCLCO  |d OCLCQ  |d UMI  |d TXA  |d UtOrBLW 
049 |a TXAM 
099 |a 1981  |a Dissertation  |a P573 
100 1 |a Phipps, Florene J. 
245 1 2 |a A comparison of selected factors predictive of volleyball playing ability. 
264 1 |c 1981. 
300 |a ix, 124 leaves :  |b illustrations ;  |c 29 cm 
336 |a text  |b txt  |2 rdacontent 
337 |a unmediated  |b n  |2 rdamedia 
338 |a volume  |b nc  |2 rdacarrier 
500 |a "Major subject: Health and Physical Education." 
500 |a Typescript (photocopy). 
500 |a Vita. 
502 |b Ph. D. in Philosophy  |c Texas A & M University  |d 1981 
504 |a Includes bibliographical references (leaves 70-78). 
520 3 |a Purpose. The purpose of this study was to compare selected general ability tests, specific skill tests and personality traits as predictors of volleyball performances in high school girls. It was a further purpose of this study to determine which of these variables had the highest relationship with overall performance. It was also the purpose of this investigation to develop prediction equations from the three variables or combinations of the variables that proved worthwhile and to determine the validity of the selected equations. Procedure. Three general ability tests, three specific volleyball skill tests and a personality test were administered to 120 high school girls trying-out for varsity teams in six schools. The coaches of each team assigned a subjective pre and post season score to each of their respective players. The post season score was used as the criterion measure. The data from three of the schools were used to develop prediction equations using a general linear model procedure. The data from the remaining schools were used to validate the equations. Results. The specific test model had the highest correlation with overall performance. The variables of general ability and personality were not related to volleyball performance. The combined equation of general and specific had the highest relationship of any combined model to the criterion score. The specific model was the most valid predictor of criterion scores followed by the combined general and specific model. Conclusions. (1) There is little relationship between selected tests of general physical ability and volleyball performance. (2) There is a substantial relationship between selected specific skill tests and volleyball performance. (3) There is little relationship between selected personality traits and volleyball performance. (4) There is a substantial relationship between volleyball performance and the following combined models: specific and general, specific and personality, and specific, general, and personality combined. (5) The specific test model is the best predictor of volleyball performance. (6) The best combined model for prediction is the general and specific. (7) The specific test model and combinations of the general ability and personality with the specific are better predictors of volleyball performance than the coaches beginning of season judgement. 
650 0 |a Athletic ability.  |0 http://id.loc.gov/authorities/subjects/sh85009146 
650 0 |a Volleyball.  |0 http://id.loc.gov/authorities/subjects/sh85144299 
650 0 |a Volleyball  |x Coaching.  |0 http://id.loc.gov/authorities/subjects/sh93010645 
650 0 |a Volleyball  |x Training.  |0 http://id.loc.gov/authorities/subjects/sh85144307 
650 4 |a Health and Physical Education. 
655 7 |a Academic theses.  |2 lcgft  |0 http://id.loc.gov/authorities/genreForms/gf2014026039 
700 1 |a Barker, Donald G.,  |e degree committee member. 
700 1 |a Dowell, Linus J.,  |e degree supervisor. 
700 1 |a Jessup, George T.,  |e degree committee member.  |0 http://id.loc.gov/authorities/names/no2003028227 
700 1 |a Mamaliga, Emil,  |e degree committee member. 
710 2 |a Texas A & M University,  |e degree granting institution.  |0 http://id.loc.gov/authorities/names/n80125885 
856 4 1 |u http://proxy.library.tamu.edu/login?url=http://proquest.umi.com/pqdweb?did=749764101&sid=1&Fmt=2&clientId=2945&RQT=309&VName=PQD  |z Link to ProQuest Copy  |t 0 
856 4 1 |u https://hdl.handle.net/1969.1/DISSERTATIONS-98866  |z Link to OAKTrust copy  |t 0 
994 |a C0  |b TXA 
999 f f |s 66fb0256-4fab-3e72-8a63-d6cfda9bda34  |i 440fe39d-073f-3f65-b58e-a0b692314e8c  |t 0 
952 f f |p noncirc  |a Texas A&M University  |b J.J. Pickle Campus  |c High Density Repository  |s HDR  |d Remote Storage  |t 0  |e 1981 Dissertation P573  |h Other scheme  |i unmediated -- volume  |m A14841002945 
952 f f |a Texas A&M University  |b College Station  |c Electronic Resources  |s www_evans  |d Available Online  |t 0  |e 1981 Dissertation P573  |h Other scheme 
998 f f |a 1981 Dissertation P573  |t 0  |l Remote Storage 
998 f f |a 1981 Dissertation P573  |t 0  |l Available Online